000 00869nas a2200277 4500
001 BR9704529
003 BR-BrBNA
005 20231205100533.0
007 ta
008 230509b bl.|||p| |||| 00| 00por d
040 _aBR-BrBNA
_bpor
_cBiblioteca Nacional de Agricultura
072 _aF01
100 1 _aCanci, P.C.
100 1 _aCarvalho, F.I.F. de
100 1 _aBarbosa Neto, J.F.
100 1 _aOliveira, M.A.
100 1 _aFranco, F. de A.
245 1 _aDiferentes ambientes para avaliacao da sensibilidade ao acido giberelico em genotipos de trigo (Triticum aestivum L.)
650 _aTrigo
650 _aAcido Giberelico
650 _aGenotipo
650 _aEstatura de Planta
773 0 _tCiencia Rural (Brazil)
_xISSN 0103-8478
_g(Jan-Mar 1997), v. 27(1) p. 21-25
_wBR9704529
909 _a202311
_bLúcia
_c55
_dLúcia Elande
942 _2AGRIS
_n0
_cANA
999 _c156545
_d156545